El Terremoto de 1986 en San Salvador: daños, repercusiones y ayuda requerida

Saved in:
Bibliographic Details
Corporate Author: CEPAL
Format: Text
Published: México D.F.: CEPAL
Tags: Add Tag
No Tags, Be the first to tag this record!

MARC

LEADER 00000 a a2200000 04500
001 22448
003
040 |a CRAI/IIS  |c CRAI/IIS 
090 |a 153000  
110 |a CEPAL  
245 |a El Terremoto de 1986 en San Salvador: daños, repercusiones y ayuda requerida  
260 |a México D.F.:   |b CEPAL  
300 |a 41 p.  
999 |c 4326  |d 4326